Países con 'H' y 'J' - Estadísticas

Estadísticas generales
  • Esta prueba ha sido intentada 43 veces
  • La puntuación promedio es 5 de 6
Estadísticas de respuestas
País % Correcto
Jordania
97%
Jamaica
94%
Honduras
84%
Hungría
81%
Haití
74%
Japón
74%
No se encontraron pruebas coincidentes
Distribución de puntuación
Porcentaje de gente con cada puntuación
Porcentaje por número respondido
Historial de tus puntuaciones
No has intentado esta prueba.